Primary prevention in mental health and social work : (Record no. 49584)
[ view plain ]
| 000 -LEADER | |
|---|---|
| fixed length control field | 01065nam a2200289 a 4500 |
| 001 - CONTROL NUMBER | |
| control field | 49584 |
| 003 - CONTROL NUMBER IDENTIFIER | |
| rucl marc code | BD-RjUL |
| 005 - DATE AND TIME OF LATEST TRANSACTION | |
| control field | 20211209054710.0 |
| 008 - FIXED-LENGTH DATA ELEMENTS--GENERAL INFORMATION | |
| fixed length control field | 160821s1981 nyu ba 000 0 eng |
| 035 ## - SYSTEM CONTROL NUMBER | |
| System control number | (BD-RjUL)49703 |
| 040 ## - CATALOGING SOURCE | |
| Original cataloging agency | DLC |
| Transcribing agency | DLC |
| Modifying agency | BD-RjUL |
| Language of cataloging | eng |
| 041 ## - LANGUAGE CODE | |
| Language code of text/sound track or separate title | eng |
| 082 00 - DEWEY DECIMAL CLASSIFICATION NUMBER | |
| Classification number | 362.20425 |
| Edition number | 23 |
| Author mark and year | PRI 1981 |
| 245 00 - TITLE STATEMENT | |
| Title | Primary prevention in mental health and social work : |
| Remainder of title | a sourcebook of curriculum and teaching materials / |
| Statement of responsibility, etc. | Milton Nobel |
| 260 ## - PUBLICATION, DISTRIBUTION, ETC. (IMPRINT) | |
| Place of publication, distribution, etc. | New York (111 Eighth Ave., New York 10011) : |
| Name of publisher, distributor, etc. | Council on Social Work Education, |
| Date of publication, distribution, etc. | c1981 |
| 300 ## - PHYSICAL DESCRIPTION | |
| Pagination | xii, 114 p. ; |
| Size | 28 cm. |
| 504 ## - BIBLIOGRAPHY, ETC. NOTE | |
| Bibliography, etc | Bibliography: p. [79]-114. |
| 650 #0 - SUBJECT ADDED ENTRY--TOPICAL TERM | |
| Topical term or geographic name as entry element | Mental illness |
| General subdivision | Prevention. |
| 9 (RLIN) | 148694 |
| Topical term or geographic name as entry element | Mental illness |
| General subdivision | Prevention |
| -- | Abstracts. |
| 9 (RLIN) | 148695 |
| Topical term or geographic name as entry element | Mental health services. |
| 9 (RLIN) | 148696 |
| Topical term or geographic name as entry element | Mental health services |
| General subdivision | Abstracts. |
| 9 (RLIN) | 148697 |
| Topical term or geographic name as entry element | Psychiatric social work. |
| 9 (RLIN) | 148698 |
| Topical term or geographic name as entry element | Social work education. |
| 9 (RLIN) | 148699 |
| 700 1# - ADDED ENTRY--PERSONAL NAME | |
| Personal name | Nobel, Milton. |
| 710 2# - ADDED ENTRY--CORPORATE NAME | |
| Corporate name or jurisdiction name as entry element | Council on Social Work Education. |
| 9 (RLIN) | 148701 |
| 942 ## - ADDED ENTRY ELEMENTS (KOHA) | |
| Source of classification or shelving scheme | Dewey Decimal Classification |
| Koha item type | Books |
| Lost status | Source of classification or shelving scheme | Damaged status | Not for loan | Collection code | Permanent Location | Current Location | Shelving location | Date acquired | Total Checkouts | Full call number | Date last seen | Copy number | Koha item type |
|---|---|---|---|---|---|---|---|---|---|---|---|---|---|
| Dewey Decimal Classification | Non-fiction | Central Library, University of Rajshahi | Central Library, University of Rajshahi | 06/08/1986 | 362.20425 PRI 1981 | 21/08/2016 | C-2 | Books |